[Event "FB1 2324 Hamburger SK - SK Schwäbisch H"]
[Site "?"]
[Date "2024.01.20"]
[Round "5.2"]
[White "Gaal, Zsoka"]
[Black "Batsiashvili, Nino"]
[Result "1-0"]
[WhiteElo "2341"]
[BlackElo "2451"]
[PlyCount "103"]
[EventDate "2024.??.??"]

1. d4 Nf6 2. c4 c5 3. d5 e6 4. Nc3 exd5 5. cxd5 d6 6. Nf3 g6 7. Nd2 Nbd7 8. e4 a6 9. a4 Bg7 10. Be2 O-O 11. O-O Rb8 12. f4 Ne8 13. Kh1 f5 14. exf5 gxf5 15. Bd3 Ndf6 16. Qc2 Nc7 17. a5 Kh8 18. Qb3 Bd7 19. Nf3 Nb5 20. Nxb5 axb5 21. Bxb5 Bxb5 22. Qxb5 Nxd5 23. Bd2 Nc7 24. Qc4 Bxb2 25. Ng5 Qf6 26. Ra3 h6 27. Rh3 b5 28. axb6 Rxb6 29. Ba5 Rc6 30. Bxc7 Rxc7 31. Ne6 Rcc8 32. Nxf8 Qxf8 33. Re1 Bg7 34. Rhe3 Kh7 35. Re7 Qf6 36. h3 Rf8 37. Rd7 Rd8 38. Rc7 Kh8 39. Ree7 d5 40. Qxc5 Qa1+ 41. Qg1 Rb8 42. Qxa1 Bxa1 43. Red7 d4 44. Kh2 Bc3 45. Kg3 Rg8+ 46. Kh4 Rxg2 47. Kh5 Rg3 48. Rc8+ Rg8 49. Rxg8+ Kxg8 50. Kxh6 Kf8 51. Kg6 Ke8 52. Rd5 1-0

[Event "FB1 2324 Hamburger SK - SK Schwäbisch H"]
[Site "?"]
[Date "2024.01.20"]
[Round "5.3"]
[White "Arabidze, Meri"]
[Black "Papp, Sarah"]
[Result "0-1"]
[WhiteElo "2466"]
[BlackElo "2279"]
[PlyCount "104"]
[EventDate "2024.??.??"]

1. d4 Nf6 2. c4 e6 3. Nf3 d5 4. cxd5 exd5 5. Nc3 Bd6 6. Bg5 c6 7. e3 Bf5 8. Qb3 Qb6 9. Bxf6 Qxb3 10. axb3 gxf6 11. Kd2 Rg8 12. Nh4 Be6 13. Bd3 Bb4 14. g3 h6 15. Kc2 Nd7 16. Rhe1 a5 17. Re2 O-O-O 18. Na2 Bf8 19. Nc1 Bb4 20. Bf5 Rg5 21. f4 Rxf5 22. g4 Rxf4 23. exf4 Bxg4 24. Rg2 f5 25. Nd3 Be7 26. h3 Bxh3 27. Rh2 Bg4 28. Rxa5 Kc7 29. Ra1 Bf6 30. Ne5 Nxe5 31. fxe5 Bg5 32. Rf1 Bxh4 33. Rxh4 h5 34. Kd3 Ra8 35. Ke3 Kd7 36. Kf4 Ke6 37. Rfh1 Ra5 38. Kg5 Rb5 39. Ra1 c5 40. dxc5 Kxe5 41. Rc1 d4 42. c6 bxc6 43. Rxc6 d3 44. Rh2 Ke4 45. Rc7 f4+ 46. Kh4 Be2 47. Rxf7 f3 48. Kg3 d2 49. Rh4+ Kd3 50. Rc4 d1=Q 51. Rd7+ Ke3 52. Re7+ Kd2 0-1

[Event "FB1 2324 Hamburger SK - SK Schwäbisch H"]
[Site "?"]
[Date "2024.01.20"]
[Round "5.4"]
[White "Lubbe, Melanie"]
[Black "Javakhishvili, Lela"]
[Result "0-1"]
[WhiteElo "2227"]
[BlackElo "2433"]
[PlyCount "100"]
[EventDate "2024.??.??"]

1. e4 e5 2. Bc4 Nf6 3. d3 Nc6 4. Nf3 h6 5. O-O d6 6. a4 g5 7. Re1 g4 8. Nfd2 Bg7 9. c3 Ne7 10. Nf1 O-O 11. Ng3 c6 12. b4 Be6 13. Bxe6 fxe6 14. d4 Ng6 15. Qb3 d5 16. exd5 cxd5 17. dxe5 Nd7 18. Be3 Ndxe5 19. Nd2 Nd3 20. Red1 Rc8 21. Qb1 Ndf4 22. Nh5 Rxc3 23. Nxg7 Kxg7 24. Ne4 Rc4 25. Nc5 Qe7 26. Qb2+ Kh7 27. Rac1 Rxc1 28. Rxc1 b6 29. Bxf4 bxc5 30. Bd2 c4 31. Qd4 Qf7 32. Be3 e5 33. Qxa7 Qxa7 34. Bxa7 Ra8 35. Bc5 Rxa4 36. b5 Nf4 37. b6 Ra8 38. Rb1 c3 39. Kf1 Nd3 40. Be3 d4 41. Ke2 Nb2 42. Bc1 Rb8 43. Bxb2 Rxb6 44. Kd3 Rxb2 45. Rxb2 cxb2 46. Kc2 Kg6 47. Kxb2 Kf5 48. Kc2 Ke4 49. Kd2 h5 50. Ke2 h4 0-1

[Event "FB1 2324 Hamburger SK - SK Schwäbisch H"]
[Site "?"]
[Date "2024.01.20"]
[Round "5.5"]
[White "Milliet, Sophie"]
[Black "Bluhm, Sonja Maria"]
[Result "1-0"]
[WhiteElo "2384"]
[BlackElo "2202"]
[PlyCount "35"]
[EventDate "2024.??.??"]

1. e4 e5 2. Nf3 Nc6 3. Bc4 Bc5 4. d3 Nf6 5. c3 d6 6. O-O Bb6 7. Nbd2 h6 8. Bb3 g5 9. Nc4 Rg8 10. a4 Bg4 11. a5 Bc5 12. Ba4 a6 13. d4 Nxe4 14. Qe2 f5 15. dxc5 Nxc5 16. Ncxe5 dxe5 17. Qc4 Rg6 18. Nxe5 1-0

[Event "FB1 2324 Hamburger SK - SK Schwäbisch H"]
[Site "?"]
[Date "2024.01.20"]
[Round "5.6"]
[White "Ziegenfuss, Antonia"]
[Black "Ricken, Katharina"]
[Result "0-1"]
[WhiteElo "2219"]
[BlackElo "2183"]
[PlyCount "236"]
[EventDate "2024.??.??"]

1. d4 e6 2. c4 Bb4+ 3. Nc3 c5 4. d5 f5 5. g3 d6 6. Bg2 e5 7. e4 Nf6 8. exf5 Bxc3+ 9. bxc3 Bxf5 10. Nf3 O-O 11. Nh4 Bg4 12. Qc2 Nbd7 13. h3 Bh5 14. a4 Qc7 15. g4 Bf7 16. g5 Nh5 17. Be4 g6 18. Ng2 Rae8 19. Ne3 Re7 20. a5 Be8 21. Ng4 Kg7 22. h4 Ref7 23. Ra2 Qc8 24. Be3 Qc7 25. Qc1 Kh8 26. Nh6 Re7 27. Qd1 Kg7 28. Bc1 Kh8 29. Rh3 Kg7 30. Rf3 Nf4 31. h5 Nxh5 32. Rh3 Nf4 33. Rh4 Qd8 34. f3 b6 35. Rah2 Kh8 36. Qc2 Rg7 37. Rg4 bxa5 38. Rhh4 Nh5 39. Rg1 a4 40. Qxa4 Ndf6 41. Qc2 Nxe4 42. Qxe4 Qa5 43. Qd3 Rb7 44. Ng4 Rb3 45. Bd2 Qa2 46. Nf6 Qb1+ 47. Qxb1 Rxb1+ 48. Kf2 Rxg1 49. Kxg1 Nxf6 50. gxf6 Rxf6 51. Bg5 Rf7 52. f4 e4 53. Kf2 Bd7 54. Ke3 Bf5 55. Rh2 Rb7 56. Ra2 Kg7 57. Ra6 h6 58. Bh4 Rd7 59. Rc6 Kf7 60. Ra6 Kg7 61. Rc6 Bh3 62. Kxe4 Bf1 63. f5 Bxc4 64. fxg6 Kxg6 65. Bg3 Re7+ 66. Kf4 Bxd5 67. Rxd6+ Be6 68. Bh4 Re8 69. Bf2 Rf8+ 70. Kg3 Kf5 71. Bxc5 Rg8+ 72. Kf2 h5 73. Rd4 a6 74. Rh4 Bf7 75. Be3 Rc8 76. Rf4+ Ke6 77. Bd4 Ra8 78. Bb6 Be8 79. Ba5 Bg6 80. Rb4 Kd5 81. Rb6 Bf5 82. Rh6 Bg4 83. Rg6 Kc5 84. Rg5+ Kc6 85. Bb4 Re8 86. Rg6+ Kb5 87. Rg5+ Kc4 88. Rc5+ Kd3 89. Rd5+ Kc4 90. Rc5+ Kb3 91. Rg5 Re2+ 92. Kg3 Re3+ 93. Kf2 Rf3+ 94. Kg2 Rf4 95. Ra5 Be2 96. Re5 Bg4 97. Ra5 Rf6 98. Kg3 Re6 99. Rg5 Re4 100. Ra5 Be2 101. Ra3+ Kb2 102. Ra4 Kb1 103. Ra5 h4+ 104. Kf2 Bb5 105. Kf3 Re6 106. Kg4 Rh6 107. Kh3 Bf1+ 108. Kh2 h3 109. Rf5 Bg2 110. Re5 Kb2 111. Re2+ Kb3 112. Re5 Rf6 113. Rh5 Rf4 114. Ba5 Ra4 115. Kg3 Ra2 116. Bb4 Bf1 117. Rf5 Rg2+ 118. Kf3 Be2+ 0-1

[Event "FB1 2324 SC 1957 Bad Königshofen  - SV "]
[Site "?"]
[Date "2024.01.21"]
[Round "6.1"]
[White "Cyfka, Karina"]
[Black "Schneider, Jana"]
[Result "1/2-1/2"]
[WhiteElo "2367"]
[BlackElo "2331"]
[PlyCount "81"]
[EventDate "2024.??.??"]

1. d4 Nf6 2. c4 e6 3. Nc3 d5 4. cxd5 exd5 5. Bg5 c6 6. e3 Bd6 7. Bd3 O-O 8. Nge2 Re8 9. Qc2 h6 10. Bh4 a5 11. h3 Na6 12. a3 Nc7 13. O-O Ne6 14. f4 Be7 15. Rf3 b5 16. Raf1 Ba6 17. Ng3 b4 18. Bxa6 Rxa6 19. Na4 Ne4 20. Bxe7 Qxe7 21. Nxe4 dxe4 22. Rg3 Nc7 23. Nc5 Rb6 24. f5 Nd5 25. a4 Nf6 26. Qf2 b3 27. Rc1 Kh8 28. Qe1 Qd6 29. Qf2 Qd5 30. Qe1 Ra8 31. Qf1 Rd8 32. Qe1 Qd6 33. Qf2 Qb8 34. Rf1 Rd5 35. Qe1 Qc7 36. h4 Qd6 37. Rh3 Rb4 38. Qc3 h5 39. Nxb3 Rxa4 40. Nc5 Rb4 41. b3 1/2-1/2

[Event "FB1 2324 SC 1957 Bad Königshofen  - SV "]
[Site "?"]
[Date "2024.01.21"]
[Round "6.2"]
[White "Maltsevskaya, Aleksandra"]
[Black "Kulon, Klaudia"]
[Result "1/2-1/2"]
[WhiteElo "2378"]
[BlackElo "2323"]
[PlyCount "77"]
[EventDate "2024.??.??"]

1. e4 c5 2. Nf3 Nc6 3. Bb5 g6 4. O-O Bg7 5. c3 e5 6. b4 cxb4 7. cxb4 Nge7 8. Bb2 O-O 9. Bxc6 Nxc6 10. b5 Nd4 11. Nxd4 exd4 12. Qa4 Re8 13. d3 d5 14. Bxd4 dxe4 15. Bxg7 Kxg7 16. dxe4 Qd3 17. Re1 Be6 18. Rd1 Qc4 19. Qxc4 Bxc4 20. Nc3 Rac8 21. f3 Rc5 22. a4 Bb3 23. Rd3 Bc2 24. Re3 f5 25. Ne2 fxe4 26. Rc1 Rcc8 27. Rc3 Rxc3 28. Nxc3 Bd3 29. Nd5 e3 30. Nf4 Bf5 31. g4 Be6 32. Kf1 Bb3 33. Rc7+ Kg8 34. Ke2 Bxa4 35. Rxb7 Re5 36. Rb8+ Kf7 37. Rb7+ Kg8 38. Rb8+ Kf7 39. Rb7+ 1/2-1/2

[Event "FB1 2324 SC 1957 Bad Königshofen  - SV "]
[Site "?"]
[Date "2024.01.21"]
[Round "6.3"]
[White "Roessler, Ulrike"]
[Black "Savina, Anastasia"]
[Result "0-1"]
[WhiteElo "2156"]
[BlackElo "2340"]
[PlyCount "124"]
[EventDate "2024.??.??"]

1. e4 e5 2. Nf3 Nc6 3. Bc4 Nf6 4. d3 d5 5. exd5 Nxd5 6. O-O Be7 7. Re1 f6 8. d4 Nb6 9. Bb5 O-O 10. dxe5 Qxd1 11. Rxd1 Nxe5 12. Nxe5 fxe5 13. Nc3 Bf5 14. Bd3 Bxd3 15. Rxd3 Rad8 16. Rxd8 Rxd8 17. b3 Bf6 18. Bb2 Kf7 19. Ne4 Nc8 20. Re1 b6 21. Kf1 Ne7 22. Ke2 Nd5 23. g3 Ke6 24. a3 Ne7 25. Rd1 Re8 26. Nd2 Nc6 27. Ne4 a5 28. Ke3 Be7 29. Ke2 h6 30. Rd3 Kf5 31. Nd2 Nd4+ 32. Bxd4 exd4 33. Rf3+ Ke6 34. a4 g6 35. Kd3 Bf6 36. Rf4 Rd8 37. Re4+ Kd5 38. Re2 Rf8 39. Ne4 g5 40. h3 Be5 41. Nd2 c6 42. Nc4 Rf3+ 43. Kd2 Bc7 44. Nb2 b5 45. Nd3 bxa4 46. bxa4 c5 47. Re7 Bd6 48. Ra7 c4 49. Rxa5+ Ke4 50. Nc5+ Bxc5 51. Rxc5 Rxf2+ 52. Kc1 c3 53. Kb1 Ke3 54. Rd5 Rf8 55. a5 Rb8+ 56. Kc1 Rb4 57. g4 Ra4 58. Kb1 Kd2 59. a6 Rb4+ 60. Ka1 Kxc2 61. Ra5 d3 62. Ra2+ Rb2 0-1

[Event "FB1 2324 SC 1957 Bad Königshofen  - SV "]
[Site "?"]
[Date "2024.01.21"]
[Round "6.4"]
[White "Melamed, Tatjana"]
[Black "Hincu, Olga"]
[Result "1-0"]
[WhiteElo "2344"]
[BlackElo "2119"]
[PlyCount "85"]
[EventDate "2024.??.??"]

1. e4 c6 2. Nf3 d5 3. exd5 cxd5 4. Ne5 Nf6 5. d4 g6 6. Bb5+ Nbd7 7. O-O Bg7 8. c3 O-O 9. Nf3 Ne4 10. Nbd2 Nd6 11. Bd3 Nf6 12. Re1 Bf5 13. Bf1 Rc8 14. Ne5 b5 15. Nb3 Nc4 16. Nd3 a5 17. Nbc5 Ne4 18. g4 Nxc5 19. Nxc5 Bd7 20. b3 Nd6 21. Bf4 b4 22. cxb4 axb4 23. Rc1 Ne4 24. Nxe4 dxe4 25. Bc4 Qa5 26. Rxe4 Qxa2 27. Rxe7 Rcd8 28. Bc7 Qa8 29. Bxd8 Qxd8 30. Re4 h5 31. h3 Qh4 32. Qf3 Bc6 33. d5 Bb7 34. Qg3 Qg5 35. Rd1 Rd8 36. h4 Qf6 37. g5 Qf5 38. Qf4 Qd7 39. Re3 Bf8 40. d6 Bxd6 41. Rxd6 Qxd6 42. Qxf7+ Kh8 43. Re8+ 1-0

[Event "FB1 2324 SC 1957 Bad Königshofen  - SV "]
[Site "?"]
[Date "2024.01.21"]
[Round "6.5"]
[White "Wagenschuetz, Evelyn"]
[Black "Babiy, Olga"]
[Result "1/2-1/2"]
[WhiteElo "2095"]
[BlackElo "2303"]
[PlyCount "112"]
[EventDate "2024.??.??"]

1. e4 c6 2. Nc3 d5 3. Nf3 dxe4 4. Nxe4 Nf6 5. Qe2 Nxe4 6. Qxe4 Qd5 7. Qf4 Qf5 8. Qe3 Qe6 9. b3 Qxe3+ 10. fxe3 a5 11. a4 Bf5 12. Bc4 Nd7 13. Bb2 e6 14. O-O-O Bd6 15. Rdf1 Rb8 16. Nd4 Be4 17. Rf2 Ne5 18. Be2 O-O 19. d3 Bg6 20. h4 h6 21. h5 Bh7 22. g4 b5 23. g5 bxa4 24. bxa4 hxg5 25. h6 g6 26. Nb3 Rfc8 27. d4 Nd7 28. Rhf1 f5 29. Bc4 Kf7 30. Nxa5 Nb6 31. Bb3 c5 32. Ba3 Bf8 33. Rg2 c4 34. Bxf8 Kxf8 35. Ba2 Ra8 36. Nb7 Rxa4 37. c3 Ke7 38. Nc5 Ra3 39. Rb2 Nd5 40. Rb7+ Rc7 41. Rxc7+ Nxc7 42. Kb2 Ra8 43. Bxc4 g4 44. Kc2 g5 45. Kd2 Rb8 46. Nd3 Rf8 47. Ne5 g3 48. Bd3 Ra8 49. Bc4 Ne8 50. Ke2 Nd6 51. Kf3 Ne4 52. Rg1 Kf6 53. Bd3 Nxc3 54. Rc1 Nd5 55. Kxg3 f4+ 56. exf4 gxf4+ 1/2-1/2

[Event "FB1 2324 SC 1957 Bad Königshofen  - SV "]
[Site "?"]
[Date "2024.01.21"]
[Round "6.6"]
[White "Grineva, Marianna"]
[Black "Daemering, Katrin"]
[Result "0-1"]
[WhiteElo "2052"]
[BlackElo "1959"]
[PlyCount "118"]
[EventDate "2024.??.??"]

1. e4 c5 2. Nf3 d6 3. d4 cxd4 4. Nxd4 Nf6 5. Nc3 a6 6. f3 e6 7. Be3 b5 8. a3 Nbd7 9. Qd2 Bb7 10. g4 Nb6 11. g5 Nfd7 12. b3 Rc8 13. Bg2 Qc7 14. Nde2 d5 15. exd5 Nxd5 16. Nxd5 Bxd5 17. Nd4 Bd6 18. Kf2 O-O 19. a4 b4 20. Bf1 Qb7 21. Rd1 Ne5 22. Be2 Rc3 23. Rhg1 Rfc8 24. f4 Nd7 25. Nf5 Bc5 26. Bxc5 Nxc5 27. Qd4 exf5 28. Qxd5 Qxd5 29. Rxd5 Rxc2 30. Re1 Nxb3 31. Rxf5 Re8 32. Re5 Rxe5 33. fxe5 Kf8 34. Ke3 Nc5 35. Rb1 a5 36. Bb5 Rxh2 37. Rc1 Rh3+ 38. Ke2 Rc3 39. Rh1 Kg8 40. Rf1 Ne6 41. g6 hxg6 42. Be8 Rc7 43. Ke3 Kf8 44. Bb5 Ke7 45. Rh1 f6 46. exf6+ gxf6 47. Rh7+ Kd6 48. Rh6 Rc3+ 49. Kd2 Rg3 50. Rh8 Nd4 51. Rd8+ Ke5 52. Bc4 Rc3 53. Bf7 Nb3+ 54. Kd1 g5 55. Rd5+ Ke4 56. Rd8 g4 57. Re8+ Kf4 58. Bg6 g3 59. Bc2 g2 0-1

[Event "FB1 2324 Rodewischer Schachmiezen - SG 1"]
[Site "?"]
[Date "2024.01.21"]
[Round "6.1"]
[White "Rogule, Laura"]
[Black "Tsolakidou, Stavroula"]
[Result "0-1"]
[WhiteElo "2250"]
[BlackElo "2417"]
[PlyCount "104"]
[EventDate "2024.??.??"]

1. c4 Nf6 2. Nf3 g6 3. d4 Bg7 4. Nc3 O-O 5. g3 d6 6. Bg2 Nbd7 7. O-O e5 8. e4 exd4 9. Nxd4 Re8 10. h3 Nc5 11. Re1 h6 12. b4 Ne6 13. Nb3 Ng5 14. Bxg5 hxg5 15. Rc1 Nd7 16. Nd5 Ne5 17. Ne3 Bh6 18. Rc2 Be6 19. Kh2 Kg7 20. Rf1 Rh8 21. f3 Kg8 22. Qe2 Bg7 23. Rd1 Qc8 24. Qf1 g4 25. f4 gxh3 26. Bf3 Ng4+ 27. Nxg4 Bxg4 28. c5 dxc5 29. Nxc5 Bxf3 30. Qxf3 b6 31. Nd7 Qb7 32. f5 Rh7 33. b5 a6 34. a4 axb5 35. axb5 Re8 36. Rc6 Qa8 37. Qb3 gxf5 38. e5 Rh6 39. Qc4 Ree6 40. Nf6+ Bxf6 41. exf6 Rexf6 42. Rd7 Qa3 43. Qe2 Rxc6 44. bxc6 Rxc6 45. Rd8+ Kg7 46. Qe5+ Rf6 47. Kxh3 Qf3 48. Rd2 Qe4 49. Qb2 f4 50. gxf4 Qxf4 51. Kg2 Qf3+ 52. Kg1 Qf1+ 0-1

[Event "FB1 2324 Rodewischer Schachmiezen - SG 1"]
[Site "?"]
[Date "2024.01.21"]
[Round "6.2"]
[White "Sieber, Fiona"]
[Black "Berzina, Ilze"]
[Result "1-0"]
[WhiteElo "2221"]
[BlackElo "2164"]
[PlyCount "97"]
[EventDate "2024.??.??"]

1. e4 e5 2. Nf3 Nc6 3. Bb5 g6 4. d4 exd4 5. Bg5 Be7 6. Bxe7 Qxe7 7. Bxc6 dxc6 8. Qxd4 Nf6 9. Nc3 Bg4 10. Nd2 c5 11. Qe3 O-O-O 12. h3 Bd7 13. O-O-O Bc6 14. Rhe1 b6 15. f3 Rhe8 16. Nc4 Rxd1+ 17. Rxd1 Nd7 18. Qf4 Qf6 19. Qxf6 Nxf6 20. Kd2 Bd7 21. b3 b5 22. Nb2 Kb7 23. Ke3 Kc6 24. g4 Be6 25. Nd3 Nd7 26. Nf4 b4 27. Nce2 a5 28. Nxe6 fxe6 29. g5 a4 30. Nf4 c4 31. bxc4 Ne5 32. Ke2 Nxc4 33. Rd4 Kb5 34. Rd7 c5 35. Rb7+ Kc6 36. Rxh7 Na3 37. Nxg6 Nxc2 38. Ne5+ Kb5 39. g6 b3 40. axb3 axb3 41. Kd2 Nd4 42. Kc3 Rg8 43. Rf7 Nc6 44. Nxc6 Kxc6 45. g7 c4 46. h4 Kc5 47. h5 b2 48. Kxb2 Kd4 49. h6 1-0

[Event "FB1 2324 Rodewischer Schachmiezen - SG 1"]
[Site "?"]
[Date "2024.01.21"]
[Round "6.3"]
[White "Ter-Avetisjana, Agnesa Stepania"]
[Black "Sliwicka, Alicja"]
[Result "1/2-1/2"]
[WhiteElo "1982"]
[BlackElo "2311"]
[PlyCount "120"]
[EventDate "2024.??.??"]

1. d4 Nf6 2. Nf3 d6 3. e3 g6 4. Be2 Bg7 5. O-O O-O 6. c4 Nbd7 7. Nc3 e5 8. d5 a5 9. e4 Nc5 10. Qc2 Nh5 11. Ne1 Nf4 12. Nd3 Qg5 13. g3 Nh3+ 14. Kg2 Qe7 15. Nxc5 dxc5 16. Bd2 Bd7 17. Rad1 h6 18. Be3 Ng5 19. Rg1 f5 20. exf5 Bxf5 21. Bxg5 Qxg5 22. Ne4 Qe7 23. f3 g5 24. g4 Bxe4 25. fxe4 Rf4 26. Rgf1 Raf8 27. Qd3 Qf6 28. Bf3 Qb6 29. Qb3 Qf6 30. Qe3 a4 31. Rf2 Qb6 32. Rdf1 Ra8 33. Qc3 Qd6 34. h3 Ra6 35. Qa3 Bf8 36. Bd1 Be7 37. Qd3 Qg6 38. Bf3 Rb6 39. Qc2 Rb4 40. Qd3 Qa6 41. Rc2 Bd6 42. Rff2 Qa5 43. Qc3 Qa7 44. Qd3 Qb8 45. Be2 Qe8 46. Bf3 Qa8 47. Rfd2 Qa7 48. Rf2 b5 49. a3 Rb3 50. Rc3 Rxc3 51. Qxc3 b4 52. Qc2 Qa5 53. Rf1 Kg7 54. Bd1 b3 55. Qd3 Qa8 56. Bf3 Kf7 57. Rd1 Ke7 58. Rd2 Rf8 59. Rf2 Kd7 60. Rd2 Rf6 1/2-1/2

[Event "FB1 2324 Rodewischer Schachmiezen - SG 1"]
[Site "?"]
[Date "2024.01.21"]
[Round "6.4"]
[White "Hagarova, Zuzana"]
[Black "Otikova, Elina"]
[Result "1/2-1/2"]
[WhiteElo "2280"]
[BlackElo "2051"]
[PlyCount "75"]
[EventDate "2024.??.??"]

1. e4 e5 2. Bc4 Nf6 3. d3 c6 4. Nf3 d5 5. Bb3 Qc7 6. exd5 cxd5 7. O-O Be6 8. Nc3 Nbd7 9. Bg5 Bb4 10. Qe2 O-O 11. Bxf6 Bxc3 12. Bxg7 Kxg7 13. bxc3 Qxc3 14. Ng5 Qd4 15. Kh1 Qf4 16. Qe3 Qxe3 17. fxe3 Nc5 18. Kg1 a5 19. d4 Nxb3 20. cxb3 e4 21. Nxe6+ fxe6 22. Rxf8 Rxf8 23. Rc1 Kf6 24. Rc5 b6 25. Rc6 Rb8 26. Kf2 Rb7 27. Kg3 Ke7 28. Kf4 Kd7 29. Rc2 Kd6 30. Kg3 e5 31. dxe5+ Kxe5 32. Kf2 Rf7+ 33. Ke2 Rf6 34. Rc8 Rg6 35. Kf2 Rf6+ 36. Ke2 Rg6 37. Kf2 Rf6+ 38. Ke2 1/2-1/2

[Event "FB1 2324 Rodewischer Schachmiezen - SG 1"]
[Site "?"]
[Date "2024.01.21"]
[Round "6.5"]
[White "Giebel, Christine"]
[Black "Movsesian, Julia"]
[Result "0-1"]
[WhiteElo "1812"]
[BlackElo "2257"]
[PlyCount "74"]
[EventDate "2024.??.??"]

1. e4 e5 2. Nf3 Nc6 3. d4 exd4 4. Nxd4 Nf6 5. Nxc6 bxc6 6. Bd3 d5 7. exd5 cxd5 8. O-O Be7 9. Nd2 O-O 10. Nf3 c5 11. Re1 h6 12. Bf4 Be6 13. c3 Qb6 14. Qc2 Rfe8 15. Rad1 Bf8 16. h3 Rad8 17. Be3 Qb7 18. Be2 Bd6 19. b3 Rc8 20. c4 Bb8 21. Qc1 Qc7 22. g3 d4 23. Bf4 Qb7 24. Bxb8 Rxb8 25. Ne5 Bxh3 26. Bf3 Qc7 27. Qf4 Rbc8 28. Nd3 Qxf4 29. Nxf4 Bf5 30. Nd5 Nxd5 31. cxd5 Bc2 32. Rc1 d3 33. Kf1 Red8 34. Re7 c4 35. Ke1 c3 36. Rd1 Bxd1 37. Kxd1 c2+ 0-1

[Event "FB1 2324 Rodewischer Schachmiezen - SG 1"]
[Site "?"]
[Date "2024.01.21"]
[Round "6.6"]
[White "Schoene, Maria"]
[Black "Schuster, Rebekka"]
[Result "1-0"]
[WhiteElo "2185"]
[BlackElo "1801"]
[PlyCount "69"]
[EventDate "2024.??.??"]

1. e4 e6 2. d4 d5 3. Nc3 Nf6 4. Bg5 Be7 5. e5 Nfd7 6. Bxe7 Qxe7 7. f4 O-O 8. Nf3 c5 9. Qd2 Nc6 10. dxc5 Nxc5 11. O-O-O a6 12. Kb1 b5 13. Bd3 Nxd3 14. cxd3 b4 15. Ne2 a5 16. Rc1 Bb7 17. Ned4 Rfc8 18. Nxc6 Bxc6 19. Nd4 Be8 20. Rxc8 Rxc8 21. Rc1 Qb7 22. Rxc8 Qxc8 23. Qc2 Qb8 24. Qc5 a4 25. b3 axb3 26. axb3 h6 27. Nc2 g5 28. g3 gxf4 29. gxf4 Qd8 30. Qxb4 Qh4 31. f5 Qxh2 32. Qg4+ Kf8 33. f6 Bb5 34. Qg7+ Ke8 35. Qg8+ 1-0

[Event "FB1 2324 Karlsruher SF 1853 - TuRa Harks"]
[Site "Norderstedt, Germany"]
[Date "2024.01.21"]
[Round "6.1"]
[White "Antolak, Julia"]
[Black "Georgescu, Lena"]
[Result "1/2-1/2"]
[WhiteElo "2290"]
[BlackElo "2268"]
[PlyCount "108"]
[EventDate "2024.??.??"]

1. d4 Nf6 2. c4 e6 3. Nc3 Bb4 4. f3 c5 5. d5 b5 6. e4 d6 7. Bd2 a6 8. a4 bxc4 9. Bxc4 Nbd7 10. dxe6 fxe6 11. Bxe6 Ne5 12. Bxc8 Qxc8 13. Bf4 c4 14. Bxe5 dxe5 15. Nh3 Qc5 16. Nf2 Bxc3+ 17. bxc3 Qe3+ 18. Kf1 Rb8 19. Qc1 Qxc1+ 20. Rxc1 Rb2 21. Nd1 Ra2 22. Ne3 O-O 23. Nxc4 Nxe4 24. Nxe5 Re8 25. fxe4 Rxe5 26. h4 Rxe4 27. Rh3 Rf4+ 28. Rf3 Rxh4 29. Kg1 Raxa4 30. Rb1 h6 31. Rg3 Rhg4 32. Rb8+ Kh7 33. Rxg4 Rxg4 34. Rc8 Rf4 35. c4 a5 36. c5 a4 37. c6 a3 38. Ra8 Rc4 39. Rxa3 Rxc6 40. Kh2 h5 41. Ra2 g5 42. g3 Kg6 43. Kg2 Rf6 44. Rb2 g4 45. Ra2 Kg5 46. Ra5+ Rf5 47. Ra2 Rd5 48. Rb2 Kf5 49. Re2 Re5 50. Ra2 Kg5 51. Rf2 h4 52. gxh4+ Kxh4 53. Ra2 Rf5 54. Rb2 Re5 1/2-1/2

[Event "FB1 2324 Karlsruher SF 1853 - TuRa Harks"]
[Site "Norderstedt, Germany"]
[Date "2024.01.21"]
[Round "6.2"]
[White "Schmidt, Jessica"]
[Black "Schulze, Lara"]
[Result "0-1"]
[WhiteElo "2219"]
[BlackElo "2285"]
[PlyCount "142"]
[EventDate "2024.??.??"]

1. d4 Nf6 2. Nf3 d5 3. c4 e6 4. Qc2 Be7 5. cxd5 exd5 6. Bf4 c6 7. e3 Nh5 8. Be5 Nd7 9. Bd3 Nxe5 10. Nxe5 g6 11. O-O Ng7 12. Nc3 Bf5 13. Rad1 O-O 14. Bxf5 Nxf5 15. e4 dxe4 16. Qxe4 Re8 17. Qd3 Bf6 18. Nf3 Qb6 19. Ne4 Bg7 20. d5 cxd5 21. Qxd5 Rad8 22. Qc4 Rc8 23. Qd3 Qxb2 24. Qd7 Qc2 25. Ng3 Re7 26. Qd5 Nxg3 27. hxg3 Qc4 28. Qa5 b6 29. Qa3 Qc5 30. Qa6 h6 31. Rfe1 Rxe1+ 32. Rxe1 Qc7 33. Qb5 Bf6 34. Qa6 Rd8 35. a4 Kg7 36. Qb5 Qd7 37. Qa6 Qc7 38. Qb5 Qb7 39. Rc1 Qd5 40. Qa6 Rd7 41. Qc8 Re7 42. Qb8 Qe4 43. Rc8 Qb7 44. Rg8+ Kh7 45. Qxb7 Rxb7 46. Ra8 Bc3 47. Rc8 Bg7 48. Kf1 Re7 49. Nd2 h5 50. f3 Be5 51. Ne4 Kg7 52. Kf2 Rd7 53. Re8 Bd4+ 54. Ke2 Rd5 55. Kd3 Bc5+ 56. Kc3 Rd4 57. a5 Ra4 58. axb6 Bxb6 59. Re7 Ra2 60. g4 hxg4 61. fxg4 Rxg2 62. g5 Bd8 63. Re5 Rg4 64. Kd3 Rg1 65. Ke2 Rg2+ 66. Kf3 Rg1 67. Rd5 Bb6 68. Rd7 Rf1+ 69. Kg4 Be3 70. Nd6 a5 71. Nc4 Rf4+ 0-1

[Event "FB1 2324 Karlsruher SF 1853 - TuRa Harks"]
[Site "Norderstedt, Germany"]
[Date "2024.01.21"]
[Round "6.3"]
[White "Lach, Aleksandra"]
[Black "Doll, Rebecca"]
[Result "1-0"]
[WhiteElo "2276"]
[BlackElo "1940"]
[PlyCount "89"]
[EventDate "2024.??.??"]

1. e4 e5 2. Nf3 Nc6 3. Bb5 a6 4. Ba4 Nf6 5. O-O Be7 6. Bxc6 dxc6 7. d3 Qd6 8. Nbd2 Be6 9. b3 c5 10. Nc4 Bxc4 11. bxc4 O-O-O 12. Bb2 Nd7 13. Qd2 b6 14. a4 a5 15. Rab1 Bf6 16. Qc3 Rde8 17. Qb3 Qc6 18. Rfe1 g5 19. Nd2 h5 20. Qb5 Qxb5 21. cxb5 Nf8 22. Nc4 Ng6 23. Ne3 Re6 24. Rbd1 Rhe8 25. f3 Kb7 26. g3 Rg8 27. c3 Rd8 28. Kf2 Ne7 29. Ke2 c6 30. bxc6+ Kxc6 31. Rb1 Kc7 32. Bc1 Rc6 33. Rd1 Re6 34. Rb3 Rc6 35. Ba3 Rd7 36. Nc4 Nc8 37. Rdb1 Re6 38. Bc1 Bd8 39. Be3 Kc6 40. f4 gxf4 41. gxf4 exf4 42. Bxf4 Bc7 43. Rxb6+ Bxb6 44. Rxb6+ Nxb6 45. Nxa5# 1-0

[Event "FB1 2324 Karlsruher SF 1853 - TuRa Harks"]
[Site "Norderstedt, Germany"]
[Date "2024.01.21"]
[Round "6.4"]
[White "Scheynin, Julia"]
[Black "Brandt, Carina"]
[Result "0-1"]
[WhiteElo "1895"]
[BlackElo "2050"]
[PlyCount "78"]
[EventDate "2024.??.??"]

1. Nf3 Nf6 2. d3 e6 3. e4 d5 4. Nbd2 c5 5. g3 Nc6 6. Bg2 Be7 7. O-O Qc7 8. c3 O-O 9. Qc2 b5 10. a3 a5 11. Re1 Ba6 12. e5 Nd7 13. d4 cxd4 14. cxd4 Rfc8 15. Qd1 Qb6 16. Nf1 b4 17. Ne3 Rab8 18. Bf1 Bxf1 19. Nxf1 bxa3 20. bxa3 Qd8 21. h4 Nb6 22. Bg5 Nc4 23. Bxe7 Qxe7 24. Qd3 a4 25. N1d2 N6a5 26. Reb1 Nb2 27. Qa6 Ra8 28. Qb5 Rcb8 29. Qe2 Rb6 30. Rc1 Rab8 31. Rc3 Nbc4 32. Nxc4 Nxc4 33. Ra2 h6 34. Qd3 Rb2 35. Ra1 R8b3 36. Kg2 Rxc3 37. Qxc3 Rb3 38. Qc2 Qb7 39. Nd2 Rb2 0-1

[Event "FB1 2324 Karlsruher SF 1853 - TuRa Harks"]
[Site "Norderstedt, Germany"]
[Date "2024.01.21"]
[Round "6.5"]
[White "Koehler, Inken"]
[Black "Basovskiy, Jana"]
[Result "1/2-1/2"]
[WhiteElo "2017"]
[BlackElo "1847"]
[PlyCount "61"]
[EventDate "2024.??.??"]

1. e4 c5 2. c3 Nf6 3. e5 Nd5 4. d4 cxd4 5. cxd4 e6 6. Nf3 d6 7. Bc4 Nc6 8. Qe2 Nb6 9. Bb3 Be7 10. O-O O-O 11. Nc3 Bd7 12. exd6 Bxd6 13. Ne4 Be7 14. Bf4 Nb4 15. Rac1 N4d5 16. Be5 Bc6 17. Bc2 a6 18. Nc3 Rc8 19. Rfd1 g6 20. Bb1 Re8 21. Bg3 Nxc3 22. Rxc3 Nd5 23. Rcc1 Bb5 24. Qd2 Bb4 25. Rxc8 Qxc8 26. Qh6 Bf8 27. Qg5 Be7 28. Qh6 Bf8 29. Qd2 Bb4 30. Qg5 Be7 31. Qh6 1/2-1/2

[Event "FB1 2324 Karlsruher SF 1853 - TuRa Harks"]
[Site "Norderstedt, Germany"]
[Date "2024.01.21"]
[Round "6.6"]
[White "Landenberger, Anja Kathrin"]
[Black "Rosmait, Emily"]
[Result "0-1"]
[WhiteElo "1721"]
[BlackElo "1812"]
[PlyCount "78"]
[EventDate "2024.??.??"]

1. d4 Nf6 2. Nf3 e6 3. Bf4 b6 4. e3 Bb7 5. Nbd2 Be7 6. Bd3 d5 7. c3 O-O 8. h3 c5 9. O-O Ne4 10. Qc2 f5 11. Ne5 Nxd2 12. Qxd2 Nd7 13. a4 Nxe5 14. Bxe5 a5 15. Bb5 Ba6 16. Qe2 Bxb5 17. Qxb5 Rc8 18. Rfc1 Bd6 19. Bxd6 Qxd6 20. Rc2 f4 21. dxc5 Rxc5 22. Qe2 Rc4 23. exf4 Re4 24. Qd3 Rexf4 25. b3 Qc5 26. Rf1 e5 27. Rd2 d4 28. cxd4 Rxd4 29. Qe3 Rxd2 30. Qxd2 h6 31. Rc1 Qe7 32. Qd5+ Kh8 33. Rc6 e4 34. Qe6 Qh4 35. g3 Qh5 36. Qxe4 Re8 37. Qg4 Re1+ 38. Kh2 Qd5 39. Rc8+ Kh7 0-1